000 01550nam0a2200325 4500
001 RU\NLR\bibl\3398
005 20260406052927.0
021 _aRU
_b98-1127
_957
035 _a(NLR Aleph) 000003280
090 _a6889
_c6889
100 _a19980716d1997 |||y0rusy50 ca
101 0 _arus
102 _aRU
105 _a|||||||||||||
200 1 _aТеоретические основы физической культуры
_e(Метод. пособие для поступающих)
_fГ.А. Решетнева, М.Е. Орлов, С.С. Добрововльский
210 _aХабаровск
_cХГИФК
_d1997
215 _a59 с.
_d20
300 _aНа 4-й с. авт.: доц. М.Е. Орлов, к.п.н., доц. Решетнева, д.п.н., проф. С.С. Добровольский
320 _aБиблиогр.: с. 57
606 0 _aФизическая культура и спорт
_jМетодические пособия
_9909851
_3RU\NLR\auth\6612378
686 _aЧ511я7
700 1 _4070
_8rus
_7ca
_aРешетнева
_bГ. А.
_gГалина Алексеевна
_3RU\NLR\auth\777780
_9117711
701 1 _4070
_8rus
_7ca
_aОрлов
_bМ. Е.
_cметодист, физ. культура
_3RU\NLR\auth\777778
_9117709
701 1 _4070
_7ca
_8rus
_aДобровольский
_bС. С.
_cд-р пед. наук
_f1948-
_gСергей Славич
_9117710
_3RU\NLR\AUTH\777779
801 0 _aRU
_bNLR
_c19980716
_gPSBO
801 1 _aRU
_bNLR
_c19980716
852 _aNLR
_j98-4/574
942 _cBOOK
980 _aNB